Word Ladder: Thanksgiving Highlight Quiz Stats

Quiz Updated Nov 26, 2015

Challenge
Share
Tweet
Embed
Score 0/29 Timer 03:00
0 Plays Today
Hint 4-Letter Word % Correct
____, present, and futurePAST
96.5%
● Handle ____ care ●● WITH ●
96.1%
Bunch of wolvesPACK
95%
Lacking hairBALD
94.1%
● Massive ●● HUGE ●
93.8%
Do laundry or dishesWASH
93.2%
Fedoras, beanies, and sombreros, e.g.HATS
93.1%
'P' in P.O. BoxPOST
92.9%
Group of musiciansBAND
92.9%
President ClintonBILL
92.6%
Orb needed for many sportsBALL
92.5%
Kind of turkey boneWISH
92.3%
Mutual agreementPACT
92.3%
Slay or murderKILL
91.7%
Olympic sledLUGE
90.1%
Hint 4-Letter Word % Correct
Chart-topping singlesHITS
89.6%
Oven for baking potteryKILN
87.5%
● ____-me-down ●● HAND ●
87.3%
Franz' workout partnerHANS
83.9%
SwankyPOSH
79.2%
Tackle box baitLURE
75%
FortuneLUCK
73.6%
DearthLACK
73.3%
Poet OgdenNASH
70.5%
Young foxesKITS
70.2%
● Snack ●● NOSH ●
69.1%
● Friends ●● KITH ●
66.5%
SkulkLURK
66%
● Greg ___ Band that sang 'Jeopardy' ●● KIHN ●
29.3%

Today's Daily Dose

Word Ladder
Summertime

On This Day
June 23rd II

You're not logged in!

Compare scores with friends on all Sporcle quizzes.
Join for Free
OR
Log In

You Might Also Like...

Show Comments

Extras

Top Quizzes Today


Score Distribution

Your Account Isn't Verified!

In order to create a playlist on Sporcle, you need to verify the email address you used during registration. Go to your Sporcle Settings to finish the process.

Report this User

Report this user for behavior that violates our Community Guidelines.

Details: